000 00438nam a2200181Ia 4500
001 20887
005 20260306172838.0
008 260306t2012||||xx |||||||||||||| ||spa||
041 _aESP
082 _a343.8
_bN51
100 _aNeyra López, Domingo
_eAUT
245 0 _aFiscalización tributaria y aduanera II
260 _c2012
300 _a172 páginas :
_c24 cm.
650 _aGEN
654 _aCCO
942 _cLIB
_dJUS
_fJUS
_2ddc
_n
999 _c20887
_d20887